L'Universite catholique dans le monde moderne

Αποθηκεύτηκε σε:
Λεπτομέρειες βιβλιογραφικής εγγραφής
Συγγραφή απο Οργανισμό/Αρχή: Catholicarum Universitatum Internationalis Foederatio (Συγγραφέας)
Μορφή: Βιβλίο
Γλώσσα:Αγγλικά
Γαλλικά
Ισπανικά
Έκδοση: París FIUC 1968
Θέματα:
Ετικέτες: Προσθήκη ετικέτας
Δεν υπάρχουν, Καταχωρήστε ετικέτα πρώτοι!

MARC

LEADER 00000nam a2200000 a 4500
001 UCU1498
003 CL-VaPUC
005 20210303001710.0
008 960404e19680000fr 1 eng d
041 0 7 |a eng  |2 CL-VaPUC 
041 0 7 |a fre  |2 CL-VaPUC 
041 0 7 |a spa  |2 CL-VaPUC 
082 0 4 |a 207.11  |b CAT  |2 21 
110 2 |a Catholicarum Universitatum Internationalis Foederatio  |e author  |9 617621 
245 1 2 |a L'Universite catholique dans le monde moderne 
260 |a París  |b FIUC  |c 1968 
300 |a 302 p 
583 |a last modification  |c 19960404 00:00:00  |k Rodrigo Vera 
650 0 0 |a Universidades  |9 256317 
650 0 0 |a Educación superior   |9 223851 
650 0 0 |a Catolicismo  |9 258690 
650 0 7 |a IGLESIA Y EDUCACION  |2 CL-VaPUC  |9 307850 
942 |c BK 
945 |a lriquelm  |d 19960404 00:00:00 
546 |a En Inglés 
546 |a En Francés 
546 |a En Español 
518 |p Assemblée Générale, 8, Kinshasa, 9 al 27 de Septiembre de 1968 
999 |c 382560  |d 382558